Aircraft Interiors /

Gespeichert in:
Bibliographische Detailangaben
1. Verfasser: Massó, Patricia (Verfasst von, Herausgegeben von)
Weitere Verfasser: Kunz , Martin Nicholas (Herausgegeben von)
Format: Buch
Sprache:Englisch
Veröffentlicht: Cologne : Daab, 2005
Ausgabe:1. vydanie
Schlagworte:
Tags: Tag hinzufügen
Keine Tags, Fügen Sie das erste Tag hinzu!

MARC

LEADER 00000nam a22000003a 4500
001 0072077
003 SK-STU
005 20200121132219.7
007 ta
008 190301s ----xo-----e------000-0-----d
020 |a 3-937718-10-9 
040 |a STU  |b slo 
041 0 |a eng 
044 |a gw 
100 1 |a Kunz , Martin Nicholas  |4 edt 
245 1 0 |a Aircraft Interiors /  |c ed. Martin Nicholas Kunz, Patricia Massó 
250 |a 1. vydanie 
260 |a Cologne :  |b Daab,  |c 2005 
300 |a 400 s. 
650 0 7 |a lietadlo 
650 0 7 |a interiér 
650 0 7 |a dizajn dopravného prostriedku 
700 1 |a Massó, Patricia  |4 aut  |4 edt 
996 |b 284AU08022  |c A* 11287/U  |l AAKNAR  |s A  |a 24  |w 0072077_0001